Movies Quiz

Random Movies or Star Wars Quiz

Star Wars 'Bad Feeling' Minefield Quiz Stats

 Plays Quiz Updated May 4, 2020

Support Sporcle.
Go Orange.
Score 0/8 Timer 01:00
17 Plays Today
% Correct
???
84.8%
???
73.5%
???
62.7%
???
61.3%
???
56.3%
???
52.2%
???
37.4%
???
21.8%

You're not logged in!

Compare scores with friends on all Sporcle quizzes.
OR
Log In
Forgot?

From the Vault

US Postal Dog Attacks

by BombaySapphire

This quiz is the reason that postal workers always carry some emergency steaks in their mail pouch.
Remove Ads.
Support Sporcle.
Get the best of Sporcle when you Go Orange. This ad-free experience offers more features, more stats, and more fun while also helping to support Sporcle. Thank you for becoming a member.

Show Comments

Extras

Top Quizzes Today


Score Distribution

Your Account Isn't Verified!

In order to create a playlist on Sporcle, you need to verify the email address you used during registration. Go to your Sporcle Settings to finish the process.

Report this User

Report this user for behavior that violates our Community Guidelines.

Details: